00000000nas 2200000za 4500
0019.505128
003CaOODSP
00520230424140844
007cr |||||||||||
008150406d20052007xxc|| p o||||f|   |0eng|d
022 |a1718-4886
040 |aCaOODSP|beng
043 |an-cn---
0861 |aP12-13E-PDF
1101 |aCanada. |bPublic Works and Government Services Canada, |eauthor, |eissuing body.
24514|aThe Way Forward news |h[electronic resource]
260 |aOttawa - Ontario : |bPublic Works and Government Services Canada
310 |aIrregular
3621 |aBegan with Issue 1, Fall 2005; ceased with Issue 8, Summer 2007.
500 |aThe ISSN (1718-4908) of the bilingual print edition has been incorrectly copied in the PDF edition.
5203 |aThis newsletter informs federal government departments and agencies about changes and progress being made to procurement and other services provided by the department. It discusses government procurement and operations in terms of cost savings and procedural effectiveness and efficiency. Subjects include tips for government buyers, saving on energy costs, and improving how government real estate is managed.
77508|tNouvelles sur Les prochaines étapes |w(CaOODSP)9.501527
7760#|tNouvelles sur Les prochaines étapes |w(CaOODSP)9.511261
7760#|tThe Way Forward news |w(CaOODSP)9.511260